000 00567nam a2200205Ia 4500
999 _c4467
_d4467
003 OSt
005 20200624125635.0
008 191128t2008 sp a gr 000 j spa d
020 _a9788416475476
040 _aCO-JMCR
_cCO-JMCR
041 _aspa
082 0 4 _aH /
_bROMs
100 1 _aRomita, John,
_eautor
_95863
245 1 0 _aSuperman /
_cJohn Romita
260 _aEspaña :
_bEcc,
_c©2008
300 _a32 páginas :
_bilustraciones a color ;
_c25 cm.
500 _aRecomendado para mayores de 13 años.
650 1 4 _aTiras cómicas
_95616
942 _2ddc
_cBK